000 00210nam a2200109Ia 4500
100 _aDept of Humanities
942 _cBK
245 _aApplied Chemsitry II
260 _b#N/A
546 _aENGLISH
999 _c21871
_d21871